Roman society in Gaul in the Merovingian age /

محفوظ في:

المؤلف الرئيسي: Dill, Samuel, 1844-1924 (مؤلف)

التنسيق: كتاب

اللغة: English

منشور في: London : Macmillan, 1926.

الموضوعات:

الوسوم: إضافة وسم

لا توجد وسوم, كن أول من يضع وسما على هذه التسجيلة!

رقم الطلب: DC65 .D5 1926

LEADER 00746nam a22002411 4500
001 6291
003 OSt
005 20251211080732.0
008 130303s1926 enk 000 0 eng d
010 |a 26020748 
040 |c ARCE Library 
050 4 |a DC65 .D5 1926 
100 1 |a Dill, Samuel,  |d 1844-1924,  |e author  |9 29041 
245 1 0 |a Roman society in Gaul in the Merovingian age /  |c by the late Sir Samuel Dill. 
264 1 |a London :  |b Macmillan,  |c 1926. 
300 |a xiii, 566 pages ;  |c 23 cm. 
500 |a "List of the principal abbreviations used in the following notes" : pages 505-506. 
651 0 |a Gaul  |x History. 
651 0 |a Gaul  |x Social conditions. 
651 0 |a Gaul  |x Church history. 
901 |a reviewed 
942 |c BK  |2 lcc 
999 |c 4946  |d 4946